000
00298nam a22001337a 4500
008
170606b xxu||||| |||| 00| 0 eng d
020
_a
9780205189458
041
_a
eng
080
_a
32
100
_a
18
101
_a
SHP
245
_a
RUSSIAN AND EURASIAN POLITICS
_c
CICHOK,M.A
942
_2
udc
_c
BK
999
_c
16169
_d
16169